| 000 | 00514nam a2200157 i 4500 | ||
|---|---|---|---|
| 001 | bg | ||
| 245 | 0 |
_aGładzenie dogładzanie i docieranie. Materiały do ćwiczeń laboratoryjnych z technologii maszyn / _cpod red. Wiesława Olszaka, oprac. Walenty Pietrusewicz. |
|
| 260 |
_aSzczecin : _bPolit. Szczecińska, _c1978. |
||
| 300 |
_as. 35 : _brys., tab. |
||
| 504 | _a[Zawiera bibliogr. s. 34]. | ||
| 040 | _cBPK | ||
| 041 | _apol | ||
| 080 | _a621.9 | ||
| 942 | _cKS | ||
| 008 | s pl f |000 0 pol | ||
| 999 |
_c17931 _d17931 |
||
| 856 |
_uhttp://koha.tu.koszalin.pl/cgi-bin/koha/opac-detail.pl?biblionumber=17931 _yKatalog online BPK |
||